000 00453nam a2200169 i 4500
001 96518
003 ES-MaACL
005 20230906181928.0
007 t|
008 050627s1922 fr ||||1| fre d
100 1 _aMâle, Emile.
_975743
245 1 2 _aL'Art allemand et l'art française du Moyen Age /
_cEmile Mâle.
250 _a9ª ed.
260 _aParis :
_b[s.n.],
_c1922 (
_fImp. Lux)
300 _a328 p. ;
_c20 cm.
852 _aES-MaACL
_jD-615
999 _c96518
_d96518